Intenta no Morir - Casillas Mortales Aleatorias - Estadísticas

Estadísticas generales
  • Esta prueba ha sido intentada 211 veces
  • La puntuación promedio es 5 de 21
Answers on the Grid
Answers color-coded by a green-red scale on the quiz's grid according to % correct below.
X
X
X
X
X
X
X
X
X
X
X
X
X
X
X
X
X
X
X
X
X
X
X
X
X
 
Estadísticas de respuestas
Respuesta % Correcto
X
33%
X
29%
X
29%
X
29%
X
29%
X
26%
X
24%
X
24%
X
24%
X
24%
X
23%
X
21%
X
21%
X
21%
X
20%
X
18%
X
18%
X
18%
X
17%
X
17%
X
15%
No se encontraron pruebas coincidentes
Distribución de puntuación
Porcentaje de gente con cada puntuación
Porcentaje por número respondido
Historial de tus puntuaciones
No has intentado esta prueba.